[Event "Muret Veterans op"]
[Site "Muret"]
[Date "2009.06.16"]
[Round "2"]
[White "Hocher, Eugene"]
[Black "Joly, Jean Louis"]
[Result "1-0"]
[WhiteElo "1800"]
[BlackElo "1549"]
[PlyCount "33"]
[EventDate "2009.06.15"]
[EventType "swiss"]
[EventRounds "7"]
[EventCountry "FRA"]
[SourceTitle "EXT 2010"]
[Source "ChessBase"]
[SourceDate "2010.11.25"]
[SourceVersion "1"]
[SourceVersionDate "2010.11.25"]
[SourceQuality "1"]

1. d4 e5 2. dxe5 Nc6 3. Nf3 f6 4. Bf4 fxe5 5. Nxe5 Nxe5 6. Bxe5 d6 7. Bg3 Nf6 8. Qd3 Be7 9. h3 0-0 10. Nd2 Be6 11. Nf3 Nh5 12. Bh2 Bf5 13. Qd5+ Kh8 14. g4 Nf6 15. Qxf5 Ng8 16. Qb5 b6 17. Bg2 1-0